• 首页
  • 本馆介绍
  • 公告通知
  • 最新文献
  • 馆藏检索
  • 电子资源
  • 读者导购
  • 参考咨询
  • 我的图书馆
  • 登录
  • 详细信息显示
  • 放入我的书架
  • 预约/预借图书
  • 作者相关作品
  • 分类相关作品
  • 丛书相关作品
  • 出版社相关作品

书目信息

  • 表格格式
  • 工作单格式
  • 卡片格式
题名:
象征主义
    
 
作者: 查德威克 著 ;周发祥 译
分册:  
出版信息: 北京   昆仑出版社  1989.3
页数: 80页
开本: 19厘米
丛书名: 文学批评术语丛书
单 册:
中图分类: I109.9
科图分类:
主题词: 象征主义
电子资源:
ISBN: 978-7-80040-134-3
000 00928nam2 2200277 450
001 0100276681
005 20020928000000.0
010    @a978-7-80040-134-3@dCNY1.30
100    @a19910105d1989 k y0chiy0110 ea
101 1  @achi@ceng
102    @aCN@b110000
105    @ay z 000zy
106    @ar
200 1  @a象征主义@9Xiang Zheng Zhu Yi @f( )查德威克著@g周发祥译@b专著
210    @a北京@c昆仑出版社@d1989.3
215    @a80页@d19厘米
225 2  @a文学批评术语丛书
300    @a著者原题:查尔斯·查德威克
330    @a本书是国外学者对象征主义流派的概貌性详述,并通过对瓦莱里、波德莱尔、魏尔仑、兰波、马拉梅等代表人物的剖析,介绍了这个流派的重要特色和影响。
410  0 @12001 @a文学批评术语丛书
606 0  @a象征主义
690    @aI109.9@v1980
701  0 @a查德威克@9cha de wei ke@4著
702  0 @a周发祥@f(1940~2007)@9zhou fa xiang@4译
801  0 @aCN@bAiZhiMarc@c19910105
905    @aBZT@dI109.9@e11@f1@sI109.9/11
    
    象征主义/( )查德威克著/周发祥译.-北京:昆仑出版社,1989.3
    80页;19厘米.-(文学批评术语丛书)
    著者原题:查尔斯·查德威克
    
    ISBN 978-7-80040-134-3:CNY1.30
    本书是国外学者对象征主义流派的概貌性详述,并通过对瓦莱里、波德莱尔、魏尔仑、兰波、马拉梅等代表人物的剖析,介绍了这个流派的重要特色和影响。
●
相关链接 在五车中查询图书 在当当中查询图书 在豆瓣中查询图书


正题名:象征主义     索取号:I109.9/11         预约/预借

序号 登录号 条形码 馆藏地/架位号 状态 备注
1 2000117521   2000117521   旧书回溯/ [索取号:I109.9/11] 在馆    
山东省滨州职业学院图书馆 欢迎您!
大连网信软件有限公司© 版权所有